[Event "TH-S-1234"]
[Site "IECC email"]
[Date "2020.05.02"]
[Round "?"]
[White "Cruz, Eliecer"]
[Black "Holanda, Dogeval Ferreira"]
[Result "0-1"]
[WhiteElo "2158"]
[BlackElo "2212"]
[PlyCount "78"]
[EventDate "2020.??.??"]
[EventType "tourn (corr)"]
[SourceTitle "Corr 2024"]
[Source "ChessBase"]
[SourceDate "2023.10.19"]
[SourceVersion "1"]
[SourceVersionDate "2023.10.19"]
[SourceQuality "1"]
[WhiteTeam "Kuba"]
[BlackTeam "Brasilien"]
[WhiteTeamCountry "CUB"]
[BlackTeamCountry "BRA"]

1. e4 e6 2. b3 d5 3. Bb2 a6 4. exd5 exd5 5. Nf3 Nf6 6. d4 Bb4+ 7. c3 Bd6 8. Bd3 Qe7+ 9. Be2 0-0 10. 0-0 c6 11. c4 Ne4 12. Bd3 Be6 13. Nbd2 f5 14. Ne5 Nd7 15. Ndf3 Nxe5 16. Nxe5 Bxe5 17. dxe5 dxc4 18. bxc4 Rfd8 19. Qc2 Rd7 20. Rad1 Rad8 21. Bxe4 Rxd1 22. Rxd1 fxe4 23. a3 Rxd1+ 24. Qxd1 e3 25. fxe3 Bxc4 26. Qd4 Be6 27. Qd6 Qxd6 28. exd6 Kf7 29. Kf2 Bd7 30. e4 c5 31. Ke3 g6 32. Kf4 Ke6 33. g3 Kxd6 34. Bc3 Kc6 35. Ke5 Be8 36. Bd2 Kb5 37. Be3 Bc6 38. g4 b6 39. Kd6 Bxe4 0-1

[Event "IECC TH-M-3483"]
[Site "IECC email"]
[Date "2020.03.28"]
[Round "?"]
[White "Holanda, Dogeval Ferreira"]
[Black "Cruz, Eliecer"]
[Result "1-0"]
[WhiteElo "2201"]
[BlackElo "2184"]
[PlyCount "149"]
[EventDate "2020.??.??"]
[EventType "tourn (corr)"]
[SourceTitle "Corr 2024"]
[Source "ChessBase"]
[SourceDate "2023.10.19"]
[SourceVersion "1"]
[SourceVersionDate "2023.10.19"]
[SourceQuality "1"]
[WhiteTeam "Brasilien"]
[BlackTeam "Kuba"]
[WhiteTeamCountry "BRA"]
[BlackTeamCountry "CUB"]

1. d4 Nf6 2. c4 e6 3. g3 d5 4. Bg2 Be7 5. Nf3 0-0 6. 0-0 dxc4 7. Ne5 Nc6 8. Bxc6 bxc6 9. Nxc6 Qe8 10. Nxe7+ Qxe7 11. Qa4 c5 12. Qa3 Bb7 13. Bg5 Rfd8 14. dxc5 Rdc8 15. Rd1 Qxc5 16. Bxf6 gxf6 17. Qxc5 Rxc5 18. Nc3 Bc6 19. Rac1 f5 20. Rd4 Rb8 21. Rc2 Kg7 22. Rcd2 Be8 23. Rd8 Rcc8 24. Rxc8 Rxc8 25. Kf1 Kf6 26. Ke1 h5 27. Kd1 h4 28. Kc2 hxg3 29. hxg3 Rc5 30. Nd1 Ra5 31. a3 Ba4+ 32. Kc3 Rb5 33. Ne3 Rb3+ 34. Kxc4 a5 35. Kd4 Rb5 36. f4 Ke7 37. Nc4 f6 38. Rd3 Bc2 39. Rc3 Bd1 40. Ke3 Ba4 41. Kd2 Rb8 42. Kc1 Rb5 43. Nd2 Rb7 44. b3 Bb5 45. e4 fxe4 46. Nxe4 Be2 47. Kb2 Bh5 48. a4 Rd7 49. Nc5 Rc7 50. Ka3 Be8 51. Ne4 Rd7 52. Rc5 Bg6 53. Nf2 Ra7 54. Ng4 Bf5 55. Ne3 Bd3 56. g4 Kd6 57. Rh5 Ra8 58. Kb2 Be2 59. Rh2 Bf3 60. Nc4+ Kc5 61. Kc3 Bxg4 62. Nxa5 Bf3 63. b4+ Kd5 64. Nc4 Kc6 65. Nb2 Be4 66. Kd4 Bd5 67. Rh6 f5 68. b5+ Kb6 69. Kc3 Kc5 70. Nd3+ Kd6 71. Kb4 Rc8 72. Ne5 Rc1 73. Rh8 Rb1+ 74. Ka5 Kc5 75. Rc8+ 1-0

[Event "IECC CL1-2019.02 email"]
[Site "IECC email"]
[Date "2019.11.12"]
[Round "?"]
[White "Holanda, Dogeval Ferreira"]
[Black "Blittkowsky, Ralf"]
[Result "1-0"]
[WhiteElo "2194"]
[BlackElo "2181"]
[PlyCount "79"]
[EventDate "2019.??.??"]
[EventType "tourn (corr)"]
[EventRounds "4"]
[SourceTitle "Corr 2024"]
[Source "ChessBase"]
[SourceDate "2023.10.19"]
[SourceVersion "1"]
[SourceVersionDate "2023.10.19"]
[SourceQuality "1"]
[WhiteTeam "Brasilien"]
[BlackTeam "Deutschland"]
[WhiteTeamCountry "BRA"]
[BlackTeamCountry "GER"]

1. e4 e5 2. Nf3 Nc6 3. Bb5 a6 4. Ba4 Nf6 5. 0-0 Be7 6. Re1 b5 7. Bb3 d6 8. c3 0-0 9. h3 Nb8 10. d4 Nbd7 11. Nbd2 Bb7 12. Bc2 Re8 13. Nf1 Bf8 14. Ng3 g6 15. a4 Bg7 16. dxe5 Nxe5 17. Nxe5 Rxe5 18. Bf4 Re8 19. Qd2 Nd7 20. a5 Ne5 21. Bg5 Qd7 22. b3 Rac8 23. Rad1 Nc6 24. Bh6 Qe7 25. Bxg7 Kxg7 26. b4 Ne5 27. Bb3 c5 28. f4 Nc4 29. Bxc4 bxc4 30. Rb1 Qc7 31. f5 cxb4 32. Rxb4 Qc5+ 33. Kh2 Bc6 34. Qg5 Qe5 35. Rb6 f6 36. Qg4 g5 37. Rxa6 Re7 38. Rd1 Kf8 39. Qh5 Rf7 40. Rb1 1-0

[Event "IECC CL1-2019.02 email"]
[Site "IECC email"]
[Date "2019.11.12"]
[Round "?"]
[White "Holanda, Dogeval Ferreira"]
[Black "Leijen, Peter"]
[Result "1-0"]
[WhiteElo "2202"]
[BlackElo "2086"]
[PlyCount "31"]
[EventDate "2019.??.??"]
[EventType "tourn (corr)"]
[EventRounds "4"]
[SourceTitle "Corr 2024"]
[Source "ChessBase"]
[SourceDate "2023.10.19"]
[SourceVersion "1"]
[SourceVersionDate "2023.10.19"]
[SourceQuality "1"]
[WhiteTeam "Brasilien"]
[BlackTeam "Niederlande"]
[WhiteTeamCountry "BRA"]
[BlackTeamCountry "NED"]

1. e4 c5 2. Nf3 d6 3. d4 cxd4 4. Nxd4 Nf6 5. Nc3 a6 6. Be3 e5 7. Nb3 Be6 8. Be2 Be7 9. 0-0 0-0 10. Qd3 Nc6 11. Rfd1 Rc8 12. a3 Nd7 13. Bf1 f5 14. exf5 Bxf5 15. Qd2 Nf6 16. Nd5 1-0

[Event "IECC CL1-2019.02 email"]
[Site "IECC email"]
[Date "2019.11.12"]
[Round "?"]
[White "Laudati, Lelio"]
[Black "Holanda, Dogeval Ferreira"]
[Result "1/2-1/2"]
[WhiteElo "2117"]
[BlackElo "2196"]
[PlyCount "138"]
[EventDate "2019.??.??"]
[EventType "tourn (corr)"]
[EventRounds "4"]
[SourceTitle "Corr 2024"]
[Source "ChessBase"]
[SourceDate "2023.10.19"]
[SourceVersion "1"]
[SourceVersionDate "2023.10.19"]
[SourceQuality "1"]
[WhiteTeam "Italien"]
[BlackTeam "Brasilien"]
[WhiteTeamCountry "ITA"]
[BlackTeamCountry "BRA"]

1. d4 Nf6 2. Bf4 d5 3. e3 c5 4. c3 Nc6 5. Nf3 Qb6 6. Qb3 c4 7. Qxb6 axb6 8. Nbd2 b5 9. Be2 Bg4 10. Ne5 Bxe2 11. Kxe2 e6 12. a3 Be7 13. h4 h5 14. g3 0-0 15. Rad1 Nxe5 16. Bxe5 Nd7 17. Bf4 f6 18. e4 Nb6 19. Rb1 Ra6 20. e5 Na4 21. exf6 gxf6 22. Kf1 Kf7 23. Kg2 Rfa8 24. Rhe1 Re8 25. Nf3 Nb6 26. Re2 Bd8 27. Ne1 Nc8 28. Kh3 Ne7 29. Ng2 Ng6 30. Rbe1 Ba5 31. Rd1 Ke7 32. f3 Rh8 33. Rf1 Kd7 34. g4 Raa8 35. Bg3 Rag8 36. g5 Bd8 37. f4 f5 38. Rfe1 Re8 39. Ne3 Bc7 40. Rf1 Ne7 41. Nc2 Nc8 42. Rg1 Nd6 43. Reg2 Nc8 44. Ne1 Nd6 45. Nc2 Ke7 46. Bf2 Ne4 47. Be3 Rd8 48. Ne1 Kf7 49. Nf3 Kg6 50. Ra1 Rdf8 51. Rag1 Rfg8 52. Ra1 Bd6 53. Rag1 Re8 54. Ra1 Re7 55. Rgg1 Ra8 56. Rge1 Rd7 57. Rad1 Rh7 58. Ra1 Ra4 59. Kg2 Rh8 60. Nd2 Rha8 61. Rad1 R4a6 62. Rc1 R6a7 63. Rb1 Ra6 64. Rbc1 Rg8 65. Nf3 Rc8 66. Rb1 Rf8 67. Rec1 Rg8 68. Nd2 Raa8 69. Rh1 Rad8 1/2-1/2

[Event "IECC 2018-4.01"]
[Site "IECC email"]
[Date "2019.08.18"]
[Round "?"]
[White "Holanda, Dogeval Ferreira"]
[Black "Kasznia, Ireneusz"]
[Result "1/2-1/2"]
[WhiteElo "2211"]
[BlackElo "2144"]
[PlyCount "97"]
[EventDate "2019.??.??"]
[EventType "tourn (corr)"]
[SourceTitle "Corr 2024"]
[Source "ChessBase"]
[SourceDate "2023.10.19"]
[SourceVersion "1"]
[SourceVersionDate "2023.10.19"]
[SourceQuality "1"]
[WhiteTeam "Brasilien"]
[BlackTeam "Polen"]
[WhiteTeamCountry "BRA"]
[BlackTeamCountry "POL"]

1. d4 Nf6 2. c4 g6 3. Nf3 Bg7 4. Nc3 d5 5. cxd5 Nxd5 6. e4 Nxc3 7. bxc3 c5 8. Be3 Qa5 9. Qd2 Nc6 10. Rb1 a6 11. Rc1 cxd4 12. cxd4 Qxd2+ 13. Kxd2 f5 14. e5 h6 15. Bc4 g5 16. g3 Na5 17. Bd3 Nc6 18. h4 g4 19. Ne1 0-0 20. Ng2 Rd8 21. Kc3 e6 22. Rhd1 b5 23. Be2 Bb7 24. Nf4 Kf7 25. Kb2 Rd7 26. h5 Re8 27. Nd3 Bf8 28. Nc5 Bxc5 29. Rxc5 Red8 30. Bf1 Ne7 31. Bd3 Nd5 32. Bc2 Rg8 33. Bd2 Nb6 34. Bb3 Bd5 35. Rdc1 Nc4+ 36. Bxc4 bxc4 37. Ka1 Rb7 38. Rb1 Rgb8 39. Rc7+ Rxc7 40. Rxb8 c3 41. Bxh6 Rc4 42. Kb1 Be4+ 43. Kc1 Rxd4 44. Rf8+ Ke7 45. Rc8 c2 46. Bg5+ Kf7 47. Rc7+ Kg8 48. h6 f4 49. Rc8+ 1/2-1/2

[Event "IECC TH-M-3405"]
[Site "IECC email"]
[Date "2019.08.12"]
[Round "?"]
[White "Holanda, Dogeval Ferreira"]
[Black "Jordaan, Wayne"]
[Result "1-0"]
[WhiteElo "2212"]
[BlackElo "1745"]
[PlyCount "51"]
[EventDate "2019.??.??"]
[EventType "tourn (corr)"]
[SourceTitle "Corr 2024"]
[Source "ChessBase"]
[SourceDate "2023.10.19"]
[SourceVersion "1"]
[SourceVersionDate "2023.10.19"]
[SourceQuality "1"]
[WhiteTeam "Brasilien"]
[BlackTeam "Südafrika"]
[WhiteTeamCountry "BRA"]
[BlackTeamCountry "RSA"]

1. e4 c5 2. d4 cxd4 3. c3 dxc3 4. Nxc3 Nf6 5. e5 Ng8 6. Nf3 e6 7. Bc4 Qc7 8. Bb3 Nc6 9. 0-0 Nxe5 10. Bf4 Nxf3+ 11. Qxf3 Qc6 12. Nd5 exd5 13. Rac1 Qf6 14. Bxd5 Bd6 15. Bxd6 Qxd6 16. Qxf7+ Kd8 17. Qxg7 Qf6 18. Qg3 d6 19. Rfd1 Qg6 20. Qa3 Ke8 21. Bc4 Qg5 22. Qxd6 Bh3 23. Bb5+ Kf7 24. Rc7+ Ne7 25. Bc4+ Ke8 26. g3 1-0

[Event "IECC CL2-2019.01 email"]
[Site "IECC email"]
[Date "2019.06.14"]
[Round "?"]
[White "Holanda, Dogeval Ferreira"]
[Black "Fielding, Gerald"]
[Result "1/2-1/2"]
[WhiteElo "2211"]
[BlackElo "2029"]
[PlyCount "82"]
[EventDate "2019.??.??"]
[EventType "tourn (corr)"]
[EventRounds "4"]
[SourceTitle "Corr 2024"]
[Source "ChessBase"]
[SourceDate "2023.10.19"]
[SourceVersion "1"]
[SourceVersionDate "2023.10.19"]
[SourceQuality "1"]
[WhiteTeam "Brasilien"]
[BlackTeam "Kanada"]
[WhiteTeamCountry "BRA"]
[BlackTeamCountry "CAN"]

1. e4 c5 2. Nf3 Nc6 3. Nc3 Nf6 4. Bb5 Qc7 5. 0-0 Nd4 6. Re1 a6 7. Bf1 Ng4 8. g3 Nxf3+ 9. Qxf3 Ne5 10. Qe2 e6 11. b3 d6 12. Bb2 Be7 13. f4 Nc6 14. Qg4 Bf6 15. e5 dxe5 16. Ne4 Bd7 17. Nxf6+ gxf6 18. fxe5 f5 19. Qg5 Ne7 20. Qf6 Rg8 21. Be2 Nd5 22. Qh4 Bc6 23. Rad1 Qd8 24. Qxd8+ Rxd8 25. Kf2 Nb4 26. c3 Nd3+ 27. Bxd3 Rxd3 28. Re3 Rd7 29. d3 Rg5 30. Bc1 f4 31. Re2 fxg3+ 32. hxg3 Rf5+ 33. Bf4 h5 34. Rdd2 h4 35. Ke1 hxg3 36. Bxg3 Rf3 37. Bf2 Rfxd3 38. c4 b6 39. Rxd3 Rxd3 40. Rb2 a5 41. Rd2 Rd7 1/2-1/2

[Event "IECC CL2-2019.01 email"]
[Site "IECC email"]
[Date "2019.06.14"]
[Round "?"]
[White "Wittal, Werner"]
[Black "Holanda, Dogeval Ferreira"]
[Result "0-1"]
[WhiteElo "2058"]
[BlackElo "2205"]
[PlyCount "88"]
[EventDate "2019.??.??"]
[EventType "tourn (corr)"]
[EventRounds "4"]
[SourceTitle "Corr 2024"]
[Source "ChessBase"]
[SourceDate "2023.10.19"]
[SourceVersion "1"]
[SourceVersionDate "2023.10.19"]
[SourceQuality "1"]
[WhiteTeam "Deutschland"]
[BlackTeam "Brasilien"]
[WhiteTeamCountry "GER"]
[BlackTeamCountry "BRA"]

1. c4 e5 2. g3 Nf6 3. Bg2 c6 4. d4 e4 5. Nc3 Bb4 6. Bg5 d5 7. cxd5 cxd5 8. Rc1 Nbd7 9. Qb3 Bxc3+ 10. Qxc3 0-0 11. Nh3 h6 12. Bf4 Nb8 13. Be5 Nc6 14. Bxf6 Qxf6 15. Nf4 Rd8 16. h3 Bf5 17. e3 g5 18. Nh5 Qd6 19. a3 Rac8 20. Qd2 Bg6 21. g4 f5 22. 0-0 Rf8 23. f3 Rf7 24. Rf2 Rcf8 25. Rcf1 Bxh5 26. gxh5 Ne7 27. Qe1 Qc7 28. Kh1 b6 29. b4 Qd7 30. Kh2 Qe6 31. f4 Rg7 32. Rc2 Kh7 33. Qg3 Rfg8 34. Rff2 g4 35. h4 Rc8 36. Bf1 Qd7 37. b5 Ng8 38. a4 Rc7 39. Rfd2 Qc8 40. Qg2 g3+ 41. Kh1 Nf6 42. Rxc7 Rxc7 43. Qxg3 Ng4 44. Rd1 Rc1 0-1

[Event "IECC TH-M-3385"]
[Site "IECC email"]
[Date "2019.04.16"]
[Round "?"]
[White "Holanda, Dogeval Ferreira"]
[Black "Kinna, Michael"]
[Result "1-0"]
[WhiteElo "2198"]
[BlackElo "2013"]
[PlyCount "81"]
[EventDate "2019.??.??"]
[EventType "tourn (corr)"]
[SourceTitle "Corr 2024"]
[Source "ChessBase"]
[SourceDate "2023.10.19"]
[SourceVersion "1"]
[SourceVersionDate "2023.10.19"]
[SourceQuality "1"]
[WhiteTeam "Brasilien"]
[BlackTeam "Australien"]
[WhiteTeamCountry "BRA"]
[BlackTeamCountry "AUS"]

1. d4 d5 2. c4 c6 3. cxd5 cxd5 4. Bf4 Nc6 5. e3 Nf6 6. Nc3 a6 7. Bd3 Bg4 8. Nge2 e6 9. 0-0 Be7 10. Na4 Nd7 11. Rc1 Rc8 12. a3 0-0 13. h3 Bh5 14. b4 Bg6 15. Nec3 Bxd3 16. Qxd3 b5 17. Nc5 Nxc5 18. bxc5 Re8 19. Na2 Qa5 20. Nb4 Nxb4 21. axb4 Qxb4 22. Rb1 Qc4 23. Qd2 e5 24. Rb4 exf4 25. Rxc4 fxe3 26. fxe3 dxc4 27. Qf2 Bf6 28. g4 h6 29. h4 Rf8 30. g5 hxg5 31. Qg2 g4 32. Qxg4 Kh8 33. h5 Rc6 34. h6 Rg8 35. Qf3 Re6 36. d5 Re5 37. hxg7+ Rxg7+ 38. Kf2 Bh4+ 39. Ke2 Reg5 40. Rh1 Rg2+ 41. Kf1 1-0

[Event "IECC CL2-2018.02 email"]
[Site "IECC email"]
[Date "2018.09.19"]
[Round "?"]
[White "Holanda, Dogeval Ferreira"]
[Black "Mahony, Michael J"]
[Result "1-0"]
[WhiteElo "2179"]
[BlackElo "2032"]
[PlyCount "101"]
[EventDate "2018.??.??"]
[EventType "tourn (corr)"]
[EventRounds "4"]
[SourceTitle "Corr 2020"]
[Source "ChessBase"]
[SourceDate "2019.09.30"]
[SourceVersion "1"]
[SourceVersionDate "2019.09.30"]
[SourceQuality "1"]
[WhiteTeam "Brazil"]
[BlackTeam "United States"]
[WhiteTeamCountry "BRA"]
[BlackTeamCountry "USA"]

1. d4 Nf6 2. c4 e6 3. Nf3 b6 4. a3 Bb7 5. Nc3 Be7 6. d5 0-0 7. e4 d6 8. Bd3 c6 9. dxe6 fxe6 10. e5 dxe5 11. Qc2 Qc8 12. Nxe5 Nbd7 13. Nxd7 Qxd7 14. Bf4 Bc5 15. 0-0-0 Qe7 16. Kb1 h6 17. f3 Rad8 18. Rhe1 Bd6 19. Bxd6 Rxd6 20. Ne2 Rfd8 21. Nf4 c5 22. Ka2 Bc8 23. Ng6 Qc7 24. g4 Bb7 25. Re3 b5 26. cxb5 Nd5 27. Ree1 a6 28. bxa6 Bxa6 29. Bxa6 Rxa6 30. Qc4 Rb6 31. Ne5 Qb7 32. Nd3 Rb8 33. Rd2 Rb3 34. Rc1 g5 35. h3 Kh8 36. Nb4 Nxb4+ 37. Kxb3 Qxf3+ 38. Qc3+ Qxc3+ 39. Rxc3 Nd5+ 40. Kc4 Nxc3 41. Kxc3 Kg7 42. Rf2 Ra8 43. Kc4 Ra5 44. Rf3 Kg6 45. b4 cxb4 46. axb4 Ra8 47. b5 Rc8+ 48. Kd4 e5+ 49. Kd5 Rb8 50. Rb3 Kf7 51. Kc6 1-0

[Event "IECC CL2-2018.02 email"]
[Site "IECC email"]
[Date "2018.09.19"]
[Round "?"]
[White "Holanda, Dogeval Ferreira"]
[Black "Martins, Karin"]
[Result "1-0"]
[WhiteElo "2204"]
[BlackElo "1982"]
[PlyCount "121"]
[EventDate "2018.??.??"]
[EventType "tourn (corr)"]
[EventRounds "4"]
[SourceTitle "Corr 2020"]
[Source "ChessBase"]
[SourceDate "2019.09.30"]
[SourceVersion "1"]
[SourceVersionDate "2019.09.30"]
[SourceQuality "1"]
[WhiteTeam "Brazil"]
[BlackTeam "Germany"]
[WhiteTeamCountry "BRA"]
[BlackTeamCountry "GER"]

1. d4 d5 2. Nf3 e6 3. c4 Nf6 4. Nc3 Be7 5. Bf4 0-0 6. e3 c5 7. dxc5 Bxc5 8. a3 Nc6 9. Qc2 Qa5 10. Rd1 Be7 11. Be2 a6 12. Nd2 Rd8 13. 0-0 g6 14. Bf3 Qb6 15. b4 Qa7 16. Bc7 Rd7 17. Bg3 Rd8 18. Qb3 dxc4 19. Nxc4 Rxd1 20. Rxd1 Bd7 21. Qb2 b5 22. Nd6 Rd8 23. Bh4 Qb8 24. Nce4 Nxe4 25. Bxe7 Nxe7 26. Nxe4 Bc6 27. Rxd8+ Qxd8 28. Nf6+ Kf8 29. Nxh7+ Kg8 30. Nf6+ Kf8 31. e4 Nc8 32. Qc3 Nb6 33. Qc5+ Kg7 34. Ng4 Bb7 35. Qe5+ Kf8 36. Qh8+ Ke7 37. Qh4+ Ke8 38. Nf6+ Kf8 39. Qh8+ Ke7 40. Ng8+ Kd7 41. h4 Qf8 42. g4 Nc4 43. h5 gxh5 44. gxh5 Ne5 45. Qxe5 Qxg8+ 46. Kh2 Qh7 47. Qf4 Ba8 48. h6 Ke8 49. Qh4 Bb7 50. Kg3 Qg6+ 51. Kf4 Qg8 52. h7 Qh8 53. e5 Bxf3 54. Kxf3 Kd7 55. Qh5 Ke7 56. Qg5+ Kf8 57. Qh6+ Ke8 58. Kg4 Kd7 59. f4 a5 60. Qh5 f5+ 61. exf6 1-0

[Event "IECC TH-M-3241"]
[Site "IECC email"]
[Date "2018.01.07"]
[Round "?"]
[White "Garau, Bernard"]
[Black "Holanda, Dogeval Ferreira"]
[Result "1/2-1/2"]
[WhiteElo "2231"]
[BlackElo "2192"]
[PlyCount "67"]
[EventDate "2018.??.??"]
[EventType "tourn (corr)"]
[SourceTitle "Corr 2020"]
[Source "ChessBase"]
[SourceDate "2019.09.30"]
[SourceVersion "1"]
[SourceVersionDate "2019.09.30"]
[SourceQuality "1"]
[WhiteTeam "France"]
[BlackTeam "Brazil"]
[WhiteTeamCountry "FRA"]
[BlackTeamCountry "BRA"]

1. e4 c5 2. d4 cxd4 3. c3 dxc3 4. Nxc3 Nc6 5. Nf3 e6 6. Bc4 a6 7. 0-0 b5 8. Bb3 Bb7 9. Qe2 Nge7 10. Bg5 Na5 11. Bc2 h6 12. Bf4 Ng6 13. Bg3 Bc5 14. h4 Rc8 15. Rac1 0-0 16. h5 Ne7 17. Rfd1 Re8 18. e5 Nc4 19. b3 Nb2 20. Re1 Bb4 21. Ne4 Bxe1 22. Rxe1 Qa5 23. Bb1 Bxe4 24. Qxe4 Nf5 25. Kh2 Rc3 26. Rf1 Kf8 27. Qe2 Qa3 28. Bf4 Rec8 29. Bd2 Qc5 30. Bxf5 exf5 31. Nh4 f4 32. Qe4 Kg8 33. Nf5 Re8 34. Qxf4 1/2-1/2

[Event "IECC CL2-2017.06 email"]
[Site "IECC email"]
[Date "2017.11.10"]
[Round "?"]
[White "Holanda, Dogeval Ferreira"]
[Black "Blittkowsky, Ralf"]
[Result "1-0"]
[WhiteElo "2196"]
[BlackElo "2030"]
[PlyCount "33"]
[EventDate "2017.??.??"]
[EventType "tourn (corr)"]
[EventRounds "4"]
[SourceTitle "Corr 2020"]
[Source "ChessBase"]
[SourceDate "2019.09.30"]
[SourceVersion "1"]
[SourceVersionDate "2019.09.30"]
[SourceQuality "1"]
[WhiteTeam "Brazil"]
[BlackTeam "Germany"]
[WhiteTeamCountry "BRA"]
[BlackTeamCountry "GER"]

1. d4 g6 2. e4 Bg7 3. Nc3 c6 4. Bc4 b5 5. Bb3 a5 6. a3 d6 7. Nf3 Ba6 8. h4 h5 9. 0-0 e6 10. Bg5 Ne7 11. Re1 0-0 12. e5 d5 13. Ne2 a4 14. Ba2 Nd7 15. c3 Re8 16. Bb1 Nf8 17. g4 1-0

[Event "IECC CL2-2017.06 email"]
[Site "IECC email"]
[Date "2017.11.10"]
[Round "?"]
[White "Polo, Paul Caresse"]
[Black "Holanda, Dogeval Ferreira"]
[Result "1/2-1/2"]
[WhiteElo "2047"]
[BlackElo "2180"]
[PlyCount "89"]
[EventDate "2017.??.??"]
[EventType "tourn (corr)"]
[EventRounds "4"]
[SourceTitle "Corr 2020"]
[Source "ChessBase"]
[SourceDate "2019.09.30"]
[SourceVersion "1"]
[SourceVersionDate "2019.09.30"]
[SourceQuality "1"]
[WhiteTeam "France"]
[BlackTeam "Brazil"]
[WhiteTeamCountry "FRA"]
[BlackTeamCountry "BRA"]

1. Nf3 d5 2. e3 e6 3. c4 Nf6 4. b3 Bd6 5. Bb2 0-0 6. Nc3 c5 7. g4 Nxg4 8. Rg1 d4 9. Rxg4 e5 10. Rg2 dxc3 11. Bxc3 Nc6 12. Qc2 Nd4 13. exd4 exd4 14. Bb2 Re8+ 15. Kd1 Qf6 16. Ng5 h6 17. Qh7+ Kf8 18. Ne4 Qf3+ 19. Be2 Qxe4 20. Qxg7+ Ke7 21. d3 Qe6 22. Bg4 Qf6 23. Qxf6+ Kxf6 24. Bf3 Rb8 25. Kc2 Bh3 26. Rgg1 Re5 27. Rg3 Bd7 28. Be4 Ke7 29. Bc1 Rh5 30. Rg2 Bh3 31. Rg1 Kf6 32. Bd2 Bf5 33. Rg2 Bxe4 34. dxe4 Re8 35. Re1 Rh4 36. f4 Bxf4 37. Rf2 d3+ 38. Kc3 Ke5 39. Bxf4+ Rxf4 40. Rxf4 Kxf4 41. Kxd3 Rd8+ 42. Kc3 Rd7 43. b4 cxb4+ 44. Kxb4 Ke5 45. Kc3 1/2-1/2

[Event "IECC CL1-2017.03 email"]
[Site "IECC email"]
[Date "2017.09.14"]
[Round "?"]
[White "Mathes, Christian"]
[Black "Holanda, Dogeval Ferreira"]
[Result "1-0"]
[WhiteElo "2118"]
[BlackElo "2174"]
[PlyCount "87"]
[EventDate "2017.??.??"]
[EventType "tourn (corr)"]
[EventRounds "4"]
[SourceTitle "Corr 2020"]
[Source "ChessBase"]
[SourceDate "2019.09.30"]
[SourceVersion "1"]
[SourceVersionDate "2019.09.30"]
[SourceQuality "1"]
[WhiteTeam "Germany"]
[BlackTeam "Brazil"]
[WhiteTeamCountry "GER"]
[BlackTeamCountry "BRA"]

1. e4 e5 2. Nf3 d6 3. d4 exd4 4. Nxd4 Nf6 5. Nc3 Be7 6. g3 Nc6 7. Bg2 0-0 8. 0-0 Nxd4 9. Qxd4 c6 10. Bf4 Qc7 11. Rad1 Rd8 12. h3 Be6 13. Rfe1 h6 14. Qd3 Rac8 15. Ne2 g5 16. Be3 d5 17. e5 Nd7 18. f4 Nc5 19. Qd2 Ne4 20. Qc1 g4 21. Kh2 h5 22. Nd4 Bd7 23. c4 gxh3 24. Bxe4 dxe4 25. e6 Be8 26. f5 Bf6 27. Bf4 Qa5 28. b4 Qxb4 29. Rxe4 Qe7 30. c5 Rxd4 31. Rexd4 Bxd4 32. Rxd4 b6 33. Be5 f6 34. Bd6 Qh7 35. Qf4 Qg7 36. Kxh3 Qh7 37. Rb4 Rd8 38. cxb6 axb6 39. Rxb6 Qa7 40. Bc5 Qa5 41. Qc1 Rc8 42. a3 Rd8 43. Rb4 Rc8 44. Qc3 1-0

[Event "IECC CL2-2017.04 email"]
[Site "IECC email"]
[Date "2017.07.01"]
[Round "?"]
[White "Lewis, Matt"]
[Black "Holanda, Dogeval Ferreira"]
[Result "0-1"]
[WhiteElo "2068"]
[BlackElo "2171"]
[PlyCount "92"]
[EventDate "2017.??.??"]
[EventType "tourn (corr)"]
[EventRounds "4"]
[SourceTitle "Corr 2020"]
[Source "ChessBase"]
[SourceDate "2019.09.30"]
[SourceVersion "1"]
[SourceVersionDate "2019.09.30"]
[SourceQuality "1"]
[WhiteTeam "United States"]
[BlackTeam "Brazil"]
[WhiteTeamCountry "USA"]
[BlackTeamCountry "BRA"]

1. e4 e6 2. d4 d5 3. Nd2 c5 4. Ngf3 Nf6 5. e5 Nfd7 6. c3 Nc6 7. Bd3 Be7 8. 0-0 a5 9. a4 cxd4 10. cxd4 0-0 11. Nb1 Nb4 12. Be2 Nb8 13. Nc3 N8c6 14. Be3 b6 15. Qb3 Qd7 16. Nb5 Na7 17. Rfc1 Nxb5 18. axb5 Rd8 19. Rc3 Qe8 20. Qa4 h6 21. Rac1 Bd7 22. Bd2 Rac8 23. h3 Rc4 24. Rxc4 Bxb5 25. Qb3 Bxc4 26. Bxc4 dxc4 27. Qxc4 Nd5 28. Qc2 a4 29. Ne1 b5 30. Nd3 Ra8 31. Nc5 Qc6 32. Ra1 Qc7 33. Qc1 Bxc5 34. Qxc5 Qb7 35. Qc2 Rc8 36. Qe4 Qa7 37. Qg4 h5 38. Qe4 Rc4 39. Be3 Qd7 40. Re1 Qc6 41. Bg5 b4 42. Qd3 Rc2 43. Rb1 b3 44. h4 Nb4 45. Qe3 Qb5 46. Bf6 Qe2 0-1

[Event "IECC CL1-2017.02 email"]
[Site "IECC email"]
[Date "2017.02.16"]
[Round "?"]
[White "Holanda, Dogeval Ferreira"]
[Black "Bedevia Rodriguez, Felipe"]
[Result "1/2-1/2"]
[WhiteElo "2122"]
[BlackElo "2192"]
[PlyCount "47"]
[EventDate "2017.??.??"]
[EventType "tourn (corr)"]
[EventRounds "4"]
[SourceTitle "Corr 2020"]
[Source "ChessBase"]
[SourceDate "2019.09.30"]
[SourceVersion "1"]
[SourceVersionDate "2019.09.30"]
[SourceQuality "1"]
[WhiteTeam "Brazil"]
[BlackTeam "Cuba"]
[WhiteTeamCountry "BRA"]
[BlackTeamCountry "CUB"]

1. d4 Nf6 2. c4 e6 3. Nf3 d5 4. Nc3 c6 5. e3 Nbd7 6. Bd3 dxc4 7. Bxc4 b5 8. Be2 Bb7 9. 0-0 a6 10. e4 c5 11. e5 Nd5 12. a4 b4 13. Nxd5 Bxd5 14. Be3 Be7 15. Rc1 Qa5 16. dxc5 Bxc5 17. Nd4 0-0 18. Bc4 Bxc4 19. Rxc4 Bxd4 20. Qxd4 Rfd8 21. f4 Nf8 22. Qb6 Qxa4 23. Qxb4 Qa2 24. Bd4 1/2-1/2

[Event "IECC CL2-2017.01 email"]
[Site "IECC email"]
[Date "2017.02.03"]
[Round "?"]
[White "Louro, Eugenio Diogo"]
[Black "Holanda, Dogeval Ferreira"]
[Result "0-1"]
[WhiteElo "1977"]
[BlackElo "2174"]
[PlyCount "108"]
[EventDate "2017.??.??"]
[EventType "tourn (corr)"]
[EventRounds "4"]
[SourceTitle "Corr 2020"]
[Source "ChessBase"]
[SourceDate "2019.09.30"]
[SourceVersion "1"]
[SourceVersionDate "2019.09.30"]
[SourceQuality "1"]
[WhiteTeam "Portugal"]
[BlackTeam "Brazil"]
[WhiteTeamCountry "POR"]
[BlackTeamCountry "BRA"]

1. d4 Nf6 2. c4 e6 3. Nf3 d5 4. cxd5 exd5 5. Nc3 Bb4 6. Bg5 h6 7. Bh4 0-0 8. e3 c5 9. dxc5 Nbd7 10. Rc1 g5 11. Bg3 Nxc5 12. Be2 Bxc3+ 13. bxc3 Re8 14. 0-0 Bg4 15. Qd4 Nfe4 16. c4 dxc4 17. Bxc4 Qxd4 18. exd4 Ne6 19. Rfd1 Nxg3 20. fxg3 Rac8 21. d5 Nc5 22. Bb5 Red8 23. h3 Bxf3 24. gxf3 a6 25. Be2 Kf8 26. d6 Ne6 27. Rxc8 Rxc8 28. Bd3 Rc5 29. Be4 b5 30. g4 a5 31. Kf2 Ke8 32. Kg3 Kd7 33. h4 a4 34. hxg5 hxg5 35. a3 Rc3 36. Bd3 Rb3 37. Kf2 Kd8 38. Bf1 Nf4 39. Ke1 Kd7 40. Kf2 f6 41. Ke1 Rb2 42. Rd2 Rb1+ 43. Rd1 Rxd1+ 44. Kxd1 b4 45. axb4 Nd5 46. Kc1 Kxd6 47. b5 a3 48. Kb1 Kc5 49. Ka2 Kb4 50. Ka1 Ka5 51. Ka2 Ka4 52. Ka1 Kb4 53. Bd3 Kc5 54. Be2 Nc3 0-1